000 02247cam a2200157 4500500
005 20260111135711.0
041 _afre
042 _adc
100 1 0 _aLebarbé, Thomas
_eauthor
245 0 0 _aTAL & syntaxe objets, objectifs, ambitions et nouveaux défis
260 _c2016.
500 _a11
520 _aLe traitement automatique des langues est un domaine à double vocation, les deux étant traitées séparément ou conjointement suivant les équipes de recherche : concevoir des outils informatiques productifs et intégrés aux activités humaines et industrielles (cf. définition de P. Bouillon et al.) ou permettre la constitution de connaissances nouvelles sur le fonctionnement de la langue (cf. préambule de N. Chomsky). La syntaxe, parmi les dimensions linguistiques qui peuvent être étudiées, n’y échappe pas. Si la finalité scientifique de la syntaxe est la création de connaissances nouvelles sur la syntaxe elle-même, la finalité industrielle est quant à elle de s’intégrer dans un processus plus large, la syntaxe n’est qu’une forme abstraite et formalisée permettant d’accéder et d’interroger les contenus. La multiplicité des objectifs est pour partie responsable de la grande diversité des formalismes, parfois perçus comme antagonistes alors que chacun répond à une perception et un besoin d’interprétation syntaxique de la langue. La syntaxe en traitement automatique des langues pâtit toutefois d’une approche certes descriptive (décrire structurellement) mais teintée de prescription (l’objet analysé est considéré comme syntaxiquement bien formé). Or les défis actuels ne sont plus l’analyse de formes « parfaites » d’expression : les données produites en lignes (blogs, tweets, etc.), ou le brouillon constituent des terrains d’exploration et de création de nouveaux modèles syntaxiques de la langue, comme un objet certes prescrit mais ne respectant que partiellement ou à la marge les règles que nous savons aujourd’hui reproduire formellement.
786 0 _nÉla. Études de linguistique appliquée | 180 | 4 | 2016-01-01 | p. 463-473 | 0071-190X
856 4 1 _uhttps://shs.cairn.info/revue-ela-2015-4-page-463?lang=fr&redirect-ssocas=7080
999 _c1634861
_d1634861